000 00535nam a2200217Ia 4500
003 OSt
005 20221005115620.0
006 a|||||r|||| 00| 0
007 ta
008 221004b |||||||| |||| 00| 0 mar d
024 _a46632
037 _cTextual
040 _aCRL
_cCRL
_bmar
041 _2mar
_amar
082 _aV2:1wM34, 155J7
100 _aOnkar
_9627853
245 0 _aChitrarup jhanshichi rani
650 _aHISTORY
942 _hV2:1wM34, 155J7
_cTEXL
_2cc
999 _c1035392
_d1035392